00318nam a2200085Ia 4500008004100000100001700041245007800058260008400136546001200220220512s9999 xx 000 0 eng d aBhupal, D S  0aEvaluation of Price Support Scheme (Sunflower in Haryana) /cBhupal, D S  aDelhi :bAgricultural Economics Reasearch Centre University of Delhi,cSep-13 aEnglish